000 00768nam a22002297a 4500
005 20081021112118.0
008 081021t xxu||||| |||| 00| 0 eng d
010 _aENG-84214
020 _a0070647704
020 _c150.00 (pbk)
035 _aEN-67747
082 _a621.382
100 _aThomas, T G
245 _aAnalog communication /
_cby T G Thomas and S Chandra Sekhar
260 _aNew Delhi
_bTata McGraw-Hill Publishing
260 _c2007
300 _axxiii,356p
_c24cm
500 _aIncludes index
700 _aChandra Sekhar, S
_cjt auth
942 _2ddc
_cEN
_h621.382
_mTHO
999 _c17176
_d17176